Best U.S. Private Colleges! Quiz Stats

 Plays Quiz not verified by Sporcle

Challenge
Share
Tweet
Embed
Score 0/20 Timer 05:00
0 Plays Today
Rank College/University % Correct
1Princeton University
94.3%
4Harvard University
93.5%
7Yale University
87.5%
8Stanford University
81.5%
9Massachusetts Institute of Technology
77.5%
11Columbia University
67%
2California Institute of Technology
56.5%
19University of Chicago
54.3%
15Northwestern University
49.8%
14Boston College
45.5%
Rank College/University % Correct
6Amherst College
42.3%
3Williams College
40.3%
16Bowdoin College
33.5%
10Swarthmore College
28.5%
5Wellesley College
22%
13Haverford College
19%
20Kenyon College
17.5%
17Vassar College
15.8%
12Centre College
12.3%
18Whitman College
7.8%

You're not logged in!

Compare scores with friends on all Sporcle quizzes.
OR
Log In

You Might Also Like...

Show Comments

Extras

Top Quizzes Today


Score Distribution

Your Account Isn't Verified!

In order to create a playlist on Sporcle, you need to verify the email address you used during registration. Go to your Sporcle Settings to finish the process.

Report this User

Report this user for behavior that violates our Community Guidelines.

Details: